Loading...
| Science - Biology | 0 | 7 | 1 | 2 | 65 | 29 | 79.43 | 2 | 4 |
| Literature - European Literature | 0 | 7 | 1 | 2 | 65 | 83 | 115.14 | 1 | 1 |
| Literature - British Literature | 0 | 6 | 0 | 1 | 60 | 82 | 114.67 | 0 | 1 |
| Religion | 0 | 4 | 0 | 1 | 40 | 76 | 104.00 | 1 | 1 |
| Fine Arts - Other Fine Arts | 0 | 4 | 1 | 3 | 35 | 65 | 123.00 | 1 | 1 |
| Geography | 0 | 3 | 0 | 1 | 30 | 79 | 101.67 | 1 | 1 |
| Literature - World Literature | 0 | 3 | 1 | 1 | 25 | 77 | 123.67 | 0 | 0 |
| Mythology | 0 | 3 | 1 | 1 | 25 | 112 | 125.00 | 1 | 1 |
| Literature - American Literature | 0 | 3 | 1 | 0 | 25 | 126 | 128.67 | 1 | 1 |
| History - American History | 0 | 2 | 0 | 0 | 20 | 64 | 80.50 | 0 | 2 |
| Other Academic | 0 | 1 | 0 | 0 | 10 | 112 | 112.00 | 0 | 0 |
| Fine Arts - Classical Music | 0 | 1 | 0 | 1 | 10 | 140 | 140.00 | 0 | 0 |
| History - World History | 0 | 1 | 0 | 0 | 10 | 61 | 61.00 | 1 | 1 |
| Social Science | 0 | 1 | 1 | 0 | 5 | 124 | 124.00 | 0 | 0 |
| Current Events | 0 | 1 | 1 | 1 | 5 | 136 | 136.00 | 0 | 0 |
| Science - Other Science | 0 | 0 | 0 | 0 | 0 | 0.00 | 0 | 0 | |
| Philosophy | 0 | 0 | 1 | 0 | -5 | 0.00 | 0 | 0 | |
| Painting & Sculpture | 0 | 0 | 1 | 0 | -5 | 0.00 | 0 | 0 | |
| Any History | 0 | 0 | 1 | 0 | -5 | 0.00 | 0 | 0 |